000 01066nam a2200265 i 4500
001 150506
003 ES-MaACL
005 20231222062610.0
007 t|
008 071031s1858 sp |||| | spa d
245 0 0 _aArtículos de los Sres. D. J. Valera, D. E. Castelar y D. R.B. de la Cueva sobre el cristianismo y el progreso /
_clos publica D. Tomás Farrugia.
260 _aMadrid :
_b[s.n.],
_c1858 (
_fImp. de Tomás Núñez Amor)
300 _a350 p. ;
_c20 cm.
530 _aDisponible en formato digital.
594 _aPrecede al tít.: Las cátedras del Ateneo.
610 2 4 _aAteneo de Madrid-
_vConferencias-
_yS.XIX.
_91910
650 1 4 _aProgreso-
_xAspectos religiosos-
_xCristianismo.
_9165979
700 1 _aValera, Juan,
_d1824-1905
_9112638
700 1 _aCastelar, Emilio,
_d1832-1899
_936479
700 1 _aCueva, R. B. de la.
_942088
700 1 _aFarrugia, Tomás.
_948907
852 _aES-MaACL
_jC-11581
856 _uhttp://bdh-rd.bne.es/viewer.vm?id=0000099216&page=1
_zBiblioteca Digital Hispánica
999 _c150506
_d150506